| 000 | 00674nam a2200229Ia 4500 | ||
|---|---|---|---|
| 003 | OSt | ||
| 005 | 20221007080732.0 | ||
| 006 | a|||||r|||| 00| 0 | ||
| 007 | ta | ||
| 008 | 221006b |||||||| |||| 00| 0 eng d | ||
| 024 | _a17,003 | ||
| 037 | _cTextual | ||
| 040 |
_aFLL _cFLL _beng |
||
| 041 |
_2eng _aeng |
||
| 082 | _aY11:45:(Z73,8), L7 | ||
| 100 |
_aTeitelbaum L.E. Ed. _9695363 |
||
| 245 | 0 |
_aBeyond control _b Status offenders in the jevenile court |
|
| 260 |
_aNew York _bballinger publishing company U.S.A. _c1977 |
||
| 300 |
_a330p _ccm. |
||
| 942 |
_hY11:45:(Z73,8), L7 _cTEXL _2CC |
||
| 999 |
_c1160723 _d1160723 |
||